000 00537nam a2200205 4500
005 20240723111453.0
008 240723b |||||||| |||| 00| 0 eng d
020 _a9780632058112
040 _cPK-LaUMT
082 _a612.3
_bEAS-P
100 _aEastwood,Martin
_9933
245 _aPrinciples of human nutrition /
_cby Martin Eastwood
250 _a2nd ed.
260 _aMalden :
_bBlackwell Science,
_c2003
300 _a680 p.
650 _aHuman nutrition
_9934
650 _aLipids
_9345
650 _aMetabolism
942 _cBK
999 _c134551
_d134551